[Event "Rocca Priora op 6th"]
[Site "Rocca Priora"]
[Date "2012.08.11"]
[Round "1"]
[White "Ferretti, Folco"]
[Black "Taloni, Silvio"]
[Result "1-0"]
[WhiteElo "2264"]
[BlackElo "1765"]
[PlyCount "39"]
[EventDate "2012.08.11"]
[EventType "swiss"]
[EventRounds "7"]
[EventCountry "ITA"]
[SourceTitle "EXT 2014"]
[Source "ChessBase"]
[SourceDate "2013.11.20"]
[SourceVersion "1"]
[SourceVersionDate "2013.11.20"]
[SourceQuality "1"]

1. d4 d6 2. e4 g6 3. Nc3 Bg7 4. Be3 e6 5. Qd2 h6 6. Bd3 Ne7 7. Nge2 Nd7 8. 0-0 b6 9. f4 f5 10. d5 Nc5 11. dxe6 Nxe6 12. Ng3 Nd4 13. Bc4 Ne6 14. exf5 Nxf5 15. Nxf5 gxf5 16. Qd5 Bd7 17. Qxf5 Qf6 18. Qh5+ Qf7 19. Qxf7+ Kxf7 20. f5 1-0

[Event "Zichichi Memorial"]
[Site "Ladispoli"]
[Date "2008.05.??"]
[Round "2"]
[White "Taloni, Silvio"]
[Black "Melega, Michele"]
[Result "0-1"]
[WhiteElo "1781"]
[BlackElo "1428"]
[PlyCount "50"]
[EventDate "2008.05.01"]
[EventType "swiss"]
[EventRounds "7"]
[EventCountry "ITA"]
[SourceTitle "EXT 2009"]
[Source "ChessBase"]
[SourceDate "2008.11.26"]
[SourceVersion "1"]
[SourceVersionDate "2008.11.26"]
[SourceQuality "1"]

1. d4 Nf6 2. Nf3 e6 3. e3 d5 4. Bd3 Bd7 5. Ne5 Nc6 6. f4 Ne4 7. Qf3 Nxe5 8. fxe5 Ng5 9. Qf2 Qe7 10. Nd2 f5 11. exf6 gxf6 12. 0-0 Bg7 13. Qg3 0-0-0 14. h4 Ne4 15. Nxe4 dxe4 16. Bxe4 f5 17. Bf3 Rhg8 18. Qf2 Bf6 19. h5 Bh4 20. Qd2 e5 21. Qa5 a6 22. b4 e4 23. Be2 Qg5 24. Rf2 Bxf2+ 25. Kxf2 Qh4+ 0-1